Устремлённый в будущее (Запись № 11160550)

Подробности
000 -МАРКЕР
контрольное поле 01707nam0a2200301 i 4500
001 - ИДЕНТИФИКАТОР ЗАПИСИ
контрольное поле RU\NLR\BIBL_A\011335772
005 - ИДЕНТИФИКАТОР ВЕРСИИ
контрольное поле 20241105193930.0
010 ## - МЕЖДУНАРОДНЫЙ СТАНДАРТНЫЙ НОМЕР КНИГИ (ISBN)
Номер (ISBN) 9785918832509
Тираж 300
021 ## - НОМЕР ГОСУДАРСТВЕННОЙ РЕГИСТРАЦИИ
Код страны российская федерация
Номер 2017-5676
Номер Листа государственной регистраци 401
035 ## - ДРУГИЕ СИСТЕМНЫЕ НОМЕРА
Идентификатор записи (NLR Aleph) 011335772
100 ## - ДАННЫЕ ОБЩЕЙ ОБРАБОТКИ
Данные общей обработки 20170301d2016 m y0rusy50 ca
101 0# - ЯЗЫК РЕСУРСА
Язык текста, звукозаписи и т.д. русский
102 ## - СТРАНА ПУБЛИКАЦИИ ИЛИ ПРОИЗВОДСТВА
Страна публикации российская федерация
105 ## - ПОЛЕ КОДИРОВАННЫХ ДАННЫХ: ТЕКСТОВЫЕ МАТЕРИАЛЫ, МОНОГРАФИЧЕСКИЕ
Кодированные данные о монографическом текстовом документе ach z 010yy
200 1# - ЗАГЛАВИЕ И СВЕДЕНИЯ ОБ ОТВЕТСТВЕННОСТИ
Основное заглавие Устремлённый в будущее
Сведения, относящиеся к заглавию к 50-летнему юбилею Краснодарского государственного института культуры
Первые сведения об ответственности [Федеральное государственное бюджетное образовательное учреждение высшего образования "Краснодарский государственный институт культуры"
Последующие сведения об ответственности творческая редакция: председатель: С.С. Зенгин и др.]
210 ## - ПУБЛИКАЦИЯ, РАСПРОСТРАНЕНИЕ И ДР.
Место издания, распространения и т.д. Краснодар
Имя издателя, распространителя и т. д. Традиция
Дата издания, распространения и т.д. 2016
215 ## - ФИЗИЧЕСКАЯ ХАРАКТЕРИСТИКА
Специфическое обозначение материала и объем 61, [3] с.
Другие сведения о физической характеристике ил., портр., факс., цв. ил.
Размеры 31
300 ## - ОБЩИЕ ПРИМЕЧАНИЯ
Текст примечания Описано по обл. На тит. л. только посвящение: 50 лет КГИК и вых дан.
601 02 - НАИМЕНОВАНИЕ ОРГАНИЗАЦИИ КАК ПРЕДМЕТ
Начальный элемент ввода Краснодарский государственный институт культуры
Системный номер авторитетной/нормативной записи 2319283
Идентификатор авторитетной/нормативной записи RU\NLR\AUTH\6601612618
686 1# - ИНДЕКСЫ ДРУГИХ КЛАССИФИКАЦИЙ
Индекс Ч489.554(2)7
702 #1 - ИМЯ ЛИЦА - ВТОРИЧНАЯ ОТВЕТСТВЕННОСТЬ
Начальный элемент ввода Зенгин
Часть имени, кроме начального элемента ввода С. С.
Расширение инициалов личного имени Сергей Семенович
Код отношения Редактор
711 02 - НАИМЕНОВАНИЕ ОРГАНИЗАЦИИ - АЛЬТЕРНАТИВНАЯ ОТВЕТСТВЕННОСТЬ
Начальный элемент ввода Краснодарский государственный институт культуры
Системный номер авторитетной/нормативной записи 507600
Идентификатор авторитетной/нормативной записи RU\NLR\AUTH\880421339
942 ## - ДОПОЛНИТЕЛЬНЫЕ ЭЛЕМЕНТЫ ЗАПИСИ (АБИС)
Тип экземпляра АБИС Книга
980 ## - КОЛЛЕКЦИЯ
Название коллекции НБР

Нет доступных экземпляров.